Faktory ovplyvňujúce zánik podnikov na Slovensku

Kvantifikovanie vplyvu vybraných faktorov na zánik podnikov na Slovensku a ich porovnanie za roky 2013 a 2008. Analýza bola vykonaná na údajoch z databázy Demografia podnikov 2013 a 2008 pomocou štatistického systému SAS Enterprise Guide 5.1.

Enregistré dans:
Détails bibliographiques
Auteur principal: Vojtková, Mária, 1966-
Format: Chapitre de livre
Langue:slovaque
Sujets:
Tags: Ajouter un tag
Pas de tags, Soyez le premier à ajouter un tag!

MARC

LEADER 00000nla a2200000 4500
001 0219947
005 20240612105634.9
041 0 |a slo 
044 |a SK 
245 1 0 |a Faktory ovplyvňujúce zánik podnikov na Slovensku  |c Mária Vojtková 
520 |a Kvantifikovanie vplyvu vybraných faktorov na zánik podnikov na Slovensku a ich porovnanie za roky 2013 a 2008. Analýza bola vykonaná na údajoch z databázy Demografia podnikov 2013 a 2008 pomocou štatistického systému SAS Enterprise Guide 5.1. 
610 2 0 |a analýza regresná 
610 2 0 |a Slovensko 
610 2 0 |a analýza komparatívna 
610 2 0 |a demografia ekonomická 
610 2 0 |a podnik 
100 1 |a Vojtková, Mária, 1966-